000 00783nam a2200253Ia 4500
003 OSt
005 20220918171440.0
006 a|||||r|||| 00| 0
007 ta
008 220917b |||||||| |||| 00| 0 eng d
020 _a9781784530877 (pbk)
_c1495
024 _a286,646
037 _b714, 16/11/2015, Selectbook Service Syndicate
_cTextual
040 _aARTS
_cARTS
_beng
041 _2eng
_aeng
082 _aNA44,8, Q5
100 _aBhalla A. S.
_936596
245 0 _aMonuments, power and poverty in India
_b From Ashoka to the raj
260 _aLondon
_bI.B. Tauris UK
_c2015
300 _axix, 241p.
_ccm.
650 _aARTS
942 _hNA44,8, Q5
_cTEXL
_2CC
999 _c139583
_d139583